Tvorba interaktívnej aplikácie na analýzu a vizualizáciu dát s využitím programovacieho jazyka Python bakalárska práca

Uložené v:
Podrobná bibliografia
Hlavný autor: Šuhaj, Tomáš
Korporativný autor: Fakulta hospodárskej informatiky EU. Katedra matematiky a aktuárstva
Ďalší autori: Teplanová, Patrícia, 1998-
Médium: Kniha
Jazyk:Slovak
Vydavateľské údaje: Bratislava 2023
Tagy: Pridať tag
Žiadne tagy, Buďte prvý, kto otaguje tento záznam!

MARC

LEADER 00000nbm a2200000 4500
001 0295021
005 20240202094132.2
041 0 |a slo 
044 |a SK 
245 1 0 |a Tvorba interaktívnej aplikácie na analýzu a vizualizáciu dát s využitím programovacieho jazyka Python  |b bakalárska práca  |c Tomáš Šuhaj ; školiteľ: Patrícia Teplanová 
264 1 |a Bratislava  |c 2023 
300 |a 52 s. 
100 1 |a Šuhaj, Tomáš 
700 1 |a Teplanová, Patrícia, 1998- 
710 2 |a Fakulta hospodárskej informatiky EU. Katedra matematiky a aktuárstva